| 000 | 00374nam a2200133 4500 | ||
|---|---|---|---|
| 005 | 20260530115309.0 | ||
| 100 | 1 |
_aLeonard L. Berry A. Parasuraman _932606 |
|
| 245 | 1 | 0 | _aMarketing de las Empresas de Servicios |
| 264 | 1 |
_bGrupo Editorial NORMA _c1994 |
|
| 300 | _a271 páginas | ||
| 336 |
_atexto _2rdacontent |
||
| 337 |
_asin medio _2rdamedia |
||
| 338 |
_avolumen _2rdacarrier |
||
| 999 |
_c13280 _d13280 |
||